<?xml version="1.0" encoding="UTF-8"?>
<marc:record xmlns:marc="http://www.loc.gov/MARC21/slim">
   <marc:leader>00000nam a2200000 a 4500</marc:leader>
   <marc:datafield ind1="1" ind2=" " tag="100">
      <marc:subfield code="a">Wilde, Samantha</marc:subfield>
      <marc:subfield code="4">aut</marc:subfield>
      <marc:subfield code="e">Verfasser/-in</marc:subfield>
   </marc:datafield>
   <marc:datafield ind1="0" ind2="0" tag="245">
      <marc:subfield code="a">Das kommt davon</marc:subfield>
   </marc:datafield>
   <marc:datafield ind1="0" ind2="0" tag="245">
      <marc:subfield code="b">Roman</marc:subfield>
   </marc:datafield>
   <marc:datafield ind1="0" ind2="0" tag="245">
      <marc:subfield code="c">Samantha Wilde</marc:subfield>
   </marc:datafield>
   <marc:datafield ind1=" " ind2="1" tag="264">
      <marc:subfield code="a">München</marc:subfield>
      <marc:subfield code="b">Piper</marc:subfield>
      <marc:subfield code="c">2011</marc:subfield>
   </marc:datafield>
   <marc:datafield ind1="1" ind2=" " tag="490">
      <marc:subfield code="a">Piper</marc:subfield>
   </marc:datafield>
   <marc:datafield ind1=" " ind2=" " tag="250">
      <marc:subfield code="a">Dt. Erstausg.</marc:subfield>
   </marc:datafield>
   <marc:datafield ind1="1" ind2=" " tag="520">
      <marc:subfield code="a">Angaben aus der Verlagsmeldung

Das kommt davon : Roman This Little Mommy Stayed Home / von Samantha Wilde

... heute findet sich Joy als verheiratete Frau und frischgebackene Mama wieder und weiß plötzlich nicht mehr, was schlimmer ist: postnatal oder postmortal? Denn seit der Geburt ihres Babys spielt sich ihr Alltag nur noch zwischen Wickeltisch und Waschmaschine ab. Ihr Mann, ihre Schwiegermama und selbst die eigene Mutter rauben ihr –gemeinsam mit dem chronischen Schlafentzug – den letzten Nerv. Was für ein Glück, dass es beste Freundinnen und Schokolade gibt! Als plötzlich ihr umwerfend aussehender Exfreund und der charmante neue Yogalehrer auftauchen, spielen ihre Gefühle verrückt. Oder sind es nur die Hormone?
</marc:subfield>
   </marc:datafield>
   <marc:datafield ind1=" " ind2=" " tag="020">
      <marc:subfield code="a">9783492264303</marc:subfield>
      <marc:subfield code="9">9783492264303</marc:subfield>
   </marc:datafield>
   <marc:datafield ind1=" " ind2=" " tag="020">
      <marc:subfield code="a">3492264301</marc:subfield>
      <marc:subfield code="9">3492264301</marc:subfield>
   </marc:datafield>
   <marc:datafield ind1=" " ind2=" " tag="041">
      <marc:subfield code="a">ger</marc:subfield>
   </marc:datafield>
   <marc:datafield ind1=" " ind2=" " tag="300">
      <marc:subfield code="a">428 S.</marc:subfield>
   </marc:datafield>
</marc:record>
